| 000 | 00835nam a2200241Ia 4500 | ||
|---|---|---|---|
| 003 | CO-CtgCURN | ||
| 005 | 20250408172729.0 | ||
| 008 | 190723s9999 xx 000 0 und d | ||
| 020 | _a9586168964 | ||
| 040 |
_aCO-CtgCURN _bspa _ccoctgcurn |
||
| 082 |
_a346.023 _bB456c |
||
| 100 | _aBenavides, Jose Luis | ||
| 245 | 0 |
_aEl contrato estatal : _bentre el derecho público y el derecho privado / _cJose Luis Benavides |
|
| 250 | _a2 edición | ||
| 260 |
_aBogotá, Colombia : _bUniversidad Externado de Colombia, _c2004 |
||
| 300 |
_a505 páginas ; _c22 centímetros |
||
| 521 | _aAREA PROFESIONAL | ||
| 590 | _aPrograma de Derecho_18 | ||
| 650 | _aContratos públicos | ||
| 650 | _aDerecho privado | ||
| 942 |
_cBK _h346.023 _iB456c _2ddc _n0 |
||
| 999 |
_c29203 _d29203 |
||